| 000 | 00493nam a2200169Ia 4500 | ||
|---|---|---|---|
| 005 | 20250508155419.0 | ||
| 008 | 008 250505s9999 xx 000 0 eng d | ||
| 037 | _aBooks to be hide in OPAC | ||
| 040 |
_aFEDL _beng _cFEDL |
||
| 041 |
_aeng _2eng |
||
| 084 |
_a378.415, IRE/O _qFEDL |
||
| 245 | 0 | _aFirst report of the commissioners | |
| 260 |
_aDublin _bHis Majesty's Stationery Office _c1901 |
||
| 300 | _a73p. | ||
| 942 |
_cHB _h378.415, IRE/O |
||
| 999 |
_c1356617 _d1356617 |
||